<?xml version="1.0" encoding="UTF-8"?>
<collection xmlns="http://www.loc.gov/MARC21/slim">
 <record>
  <leader>05288nam a22004215  4500</leader>
  <controlfield tag="001">1/46983</controlfield>
  <controlfield tag="008">170217s2016    gr       b   n 00 0 eng d</controlfield>
  <datafield tag="020" ind1=" " ind2=" ">
   <subfield code="a">9783957211828</subfield>
  </datafield>
  <datafield tag="035" ind1=" " ind2=" ">
   <subfield code="l">49962</subfield>
  </datafield>
  <datafield tag="040" ind1=" " ind2=" ">
   <subfield code="a">GR-PeUP</subfield>
  </datafield>
  <datafield tag="082" ind1="0" ind2="0">
   <subfield code="a">338.949 5 BEY</subfield>
  </datafield>
  <datafield tag="245" ind1="0" ind2="0">
   <subfield code="a">Beyond &quot;Absorption&quot; :</subfield>
   <subfield code="b">the impact of EU structural funds on Greece/</subfield>
   <subfield code="c">edited P. Liargovas, S. Petropoulos, N. Tzifakis, A. Huliaras.</subfield>
  </datafield>
  <datafield tag="260" ind1=" " ind2=" ">
   <subfield code="a">Berlin :</subfield>
   <subfield code="b">Konrad Adenauer Stiftung,</subfield>
   <subfield code="c">2016.</subfield>
  </datafield>
  <datafield tag="300" ind1=" " ind2=" ">
   <subfield code="a">227 σ. :</subfield>
   <subfield code="c">πίν., διαγρ. ;</subfield>
   <subfield code="c">22 εκ.</subfield>
  </datafield>
  <datafield tag="500" ind1=" " ind2=" ">
   <subfield code="a">International Conference on EU Structural Funds Policies (2014 : Athens, Greece).</subfield>
  </datafield>
  <datafield tag="500" ind1=" " ind2=" ">
   <subfield code="a">This publication consists of updated versions of some of the most interesting papers that were presented during the conference &quot;Beyond &quot;Absorption&quot;: The Impact of EU Structural Funds on Greece (1981-2013)&quot; in Athens, between September 19 and 20, 2014. Responsible for editing this collective volume were Panagiotis Liargovas, Sotiris Petropoulos, Nikolaos Tzifakis and Asteris Huliaras.</subfield>
  </datafield>
  <datafield tag="500" ind1=" " ind2=" ">
   <subfield code="a">Περιεχόμενα: Beyond &quot;Absorption&quot;: An introduction to the discussion on the impact of EU Structural Funds on Greece. Panagiotis Liargovas, Sotiris Petropoulos, Nikolaos Tzifakis and Asteris Huliaras -- Greece not competitive in spite of European Subsidies: The EU must rethink its cohesion policy. Heinz-Jürgen Axt. -- Structural Funds and sustainable development in Greece. Panagiotis Liargovas and Nikolaos Apostolopoulos -- Greece and EU Structural Funds: What do the choices made by Greece regarding the allocation of Structural Funds over the past three decades imply for the developmental model of the country? Alexandros Karvounis and Nikos Zaharis -- The governance effects of EU cohesion policy in Greece; The horizontal dimension. George Andreou -- Taking stock of Agent-Principal challenges in EU Structural Programmes: The case of the 'Extended University Programmes' (PSE) in Greece (1997-2006). Maria Mendrinou and Nikolaos Tzifakis -- The application of the principle of partnership in Greece: Has it affected traditional governance practices and the power balance? Fotini Papoudakis -- Assessing the impact of EU Cohesion Policies. Cases of innovation policy in the Regions of Thessaly (Greece) and Basse-Normandie (France). Georgios Koukoufikis -- The contribution of European Union Structural Funds to the developmental strategy of the region of Eastern Macedonia-Thrace&quot; Panagiotis D. Koudoumakis and George N. Botzoris -- The law of unintended consequences: Greek civil society and EU Structural Funds. Asteris Huliaras and Sotiris Petropoulos -- A case of ritual compliance? Role of European Structural Funds in the shaping of Greek employment policy (1995-2008). Georgios Ioannides -- EU funding in Greek tertiary education. A lost opportunity: The case of Technological Educational Institutes (TEI). Spyros Stamoulis. Περίληψη. Since 1981, Greece has been a major recipient of EU funds. Brussels has commissioned a large number of studies to assess the impact of these funds on the Greek economy and society. The authors of this volume do not replicate these reports. Instead, they raise questions that are often overlooked in typical program and project evaluations. They focus particularly on implications for governance. Τhe book provides an innovative analysis of the long-term non-quantifiable impact of EU cohesion policy - from the recipient's viewpoint. The verdict is not positive: dismal failures lie next to impressive successes. The realization of what has gone wrong may trigger a debate on how to avoid similar mistakes, how to promote modernization and how to invigorate sustainable growth at a critical time in the country's history.</subfield>
  </datafield>
  <datafield tag="504" ind1=" " ind2=" ">
   <subfield code="a">Περιέχει βιβλιογραφία.</subfield>
  </datafield>
  <datafield tag="610" ind1="2" ind2="0">
   <subfield code="a">European Economic Community</subfield>
   <subfield code="x">Economic assistance</subfield>
   <subfield code="x">Congresses.</subfield>
  </datafield>
  <datafield tag="610" ind1="2" ind2="0">
   <subfield code="a">European Union countries</subfield>
   <subfield code="x">Economic conditions</subfield>
   <subfield code="x">Regional disparities.</subfield>
  </datafield>
  <datafield tag="610" ind1="2" ind2="4">
   <subfield code="a">Ευρωπαϊκή Οικονομική Κοινότητα</subfield>
   <subfield code="x">Οικονομική βοήθεια</subfield>
   <subfield code="x">Συνέδρια.</subfield>
  </datafield>
  <datafield tag="650" ind1=" " ind2="4">
   <subfield code="a">Regional planning</subfield>
   <subfield code="z">European Union countries.</subfield>
  </datafield>
  <datafield tag="650" ind1="1" ind2="4">
   <subfield code="a">Adjustment policy</subfield>
   <subfield code="z">Greece.</subfield>
  </datafield>
  <datafield tag="650" ind1=" " ind2="4">
   <subfield code="a">Structural adjustment (Economic policy)</subfield>
   <subfield code="z">Greece.</subfield>
  </datafield>
  <datafield tag="650" ind1=" " ind2="4">
   <subfield code="a">Development indicators.</subfield>
  </datafield>
  <datafield tag="650" ind1=" " ind2="4">
   <subfield code="a">Διαρθρωτική προσαρμογή (Οικονομική πολιτική)</subfield>
   <subfield code="z">Ευρώπη</subfield>
   <subfield code="x">Συνέδρια.</subfield>
  </datafield>
  <datafield tag="650" ind1=" " ind2="4">
   <subfield code="a">Οικονομική βοήθεια, Ευρωπαική</subfield>
   <subfield code="z">Ελλάδα</subfield>
   <subfield code="x">Συνέδρια.</subfield>
  </datafield>
  <datafield tag="651" ind1=" " ind2="0">
   <subfield code="a">Greece</subfield>
   <subfield code="x">Economic policy</subfield>
   <subfield code="y">1981</subfield>
   <subfield code="x">Congresses.</subfield>
  </datafield>
  <datafield tag="651" ind1=" " ind2="4">
   <subfield code="a">Ελλάδα</subfield>
   <subfield code="x">Οικονομική πολιτική</subfield>
   <subfield code="x">Συνέδρια.</subfield>
  </datafield>
  <datafield tag="700" ind1="1" ind2=" ">
   <subfield code="a">Λιαργκόβας, Παναγιώτης Γ.,</subfield>
   <subfield code="d">1963-</subfield>
  </datafield>
  <datafield tag="700" ind1="1" ind2=" ">
   <subfield code="a">Πετρόπουλος, Σωτήρης.</subfield>
  </datafield>
  <datafield tag="700" ind1="1" ind2=" ">
   <subfield code="a">Τζιφάκης, Νικόλαος.</subfield>
  </datafield>
  <datafield tag="700" ind1="1" ind2=" ">
   <subfield code="a">Χουλιάρας, Αστέρης.</subfield>
  </datafield>
  <datafield tag="710" ind1="1" ind2=" ">
   <subfield code="a">Konrad Adenauer Stiftung.</subfield>
  </datafield>
  <datafield tag="710" ind1="2" ind2=" ">
   <subfield code="a">European Commission.</subfield>
  </datafield>
  <datafield tag="852" ind1=" " ind2=" ">
   <subfield code="a">INST</subfield>
   <subfield code="b">UNIPILB</subfield>
   <subfield code="c">MAIN</subfield>
   <subfield code="e">20170217</subfield>
   <subfield code="h">338.949 5 BEY</subfield>
   <subfield code="p">00176792</subfield>
   <subfield code="q">00176792</subfield>
   <subfield code="t">LOAN</subfield>
   <subfield code="y">0</subfield>
   <subfield code="4">1</subfield>
  </datafield>
  <datafield tag="852" ind1=" " ind2=" ">
   <subfield code="a">INST</subfield>
   <subfield code="b">UNIPILB</subfield>
   <subfield code="c">MAIN</subfield>
   <subfield code="e">20170217</subfield>
   <subfield code="h">338.949 5 BEY</subfield>
   <subfield code="p">00176793</subfield>
   <subfield code="q">00176793</subfield>
   <subfield code="t">LOAN</subfield>
   <subfield code="y">0</subfield>
   <subfield code="4">2</subfield>
  </datafield>
  <datafield tag="852" ind1=" " ind2=" ">
   <subfield code="a">INST</subfield>
   <subfield code="b">UNIPILB</subfield>
   <subfield code="c">MAIN</subfield>
   <subfield code="e">20181214</subfield>
   <subfield code="h">338.949 5 BEY</subfield>
   <subfield code="p">00180119</subfield>
   <subfield code="q">00180119</subfield>
   <subfield code="t">LOAN</subfield>
   <subfield code="y">0</subfield>
   <subfield code="4">3</subfield>
  </datafield>
 </record>
</collection>
